[Event "2004 World Open: 7-Day"]
[Site "Philadelphia, PA"]
[Date "2004.07.02"]
[Round "4"]
[White "Gershov, Yevgeniy"]
[Black "Kraai, Jesse"]
[Result "0-1"]
[WhiteElo "2295"]
[BlackElo "2497"]
[PlyCount "78"]
[EventDate "2004.??.??"]

1. e4 c5 2. Nf3 e6 3. d3 Nc6 4. g3 Nf6 5. Bg2 d5 6. Nbd2 Be7 7. O-O O-O 8. Re1
b5 9. e5 Nd7 10. h4 a5 11. c4 bxc4 12. dxc4 Nb6 13. b3 a4 14. cxd5 exd5 15. Ng5
Nb4 16. Ba3 axb3 17. axb3 h6 18. Nh3 Nd3 19. Re3 Bf5 20. Bf1 Qd7 21. Bxd3 Bxh3
22. Bb2 Rxa1 23. Qxa1 Ra8 24. Qc1 Bf5 25. Bxf5 Qxf5 26. Re1 Qg4 27. Nf1 Bf8 28.
Ne3 Qb4 29. Nf5 Qxb3 30. e6 fxe6 31. Rxe6 d4 32. Ne7+ Kf7 33. Rxb6 Qxb6 34. Nd5
Qb3 35. Qf4+ Kg8 36. Qf5 Qxb2 37. Qe6+ Kh8 38. Nf4 Qb7 39. Ng6+ Kh7 0-1

[Event "2004 World Open: 5-Day"]
[Site "Philadelphia, PA"]
[Date "2004.07.01"]
[Round "1"]
[White "Aramil, William J"]
[Black "Shabalov, Alexander"]
[Result "0-1"]
[WhiteElo "2253"]
[BlackElo "2674"]
[PlyCount "58"]
[EventDate "2004.??.??"]

1. e4 c5 2. c3 Nf6 3. e5 Nd5 4. Nf3 e6 5. Bc4 d6 6. O-O Nc6 7. exd6 Bxd6 8. d4
cxd4 9. cxd4 O-O 10. a3 Bd7 11. Nbd2 Nf6 12. Re1 Rc8 13. Bd3 h6 14. Nc4 Bb8 15.
h3 Qe7 16. Qe2 Rfd8 17. Be3 Be8 18. Rad1 Rd5 19. Bb1 Qd8 20. Ba2 Ne7 21. Nce5
Bb5 22. Nd3 Rf5 23. Nfe5 Bxe5 24. dxe5 Nfd5 25. Bc1 Rxc1 26. Rxc1 Nf4 27. Qe4
Nxd3 28. Rcd1 Qb6 29. Qe3 Nxe1 0-1

[Event "2004 World Open: 5-Day"]
[Site "Philadelphia, PA"]
[Date "2004.07.01"]
[Round "1"]
[White "Kis, Lorand B"]
[Black "Benjamin, Joel"]
[Result "0-1"]
[WhiteElo "2249"]
[BlackElo "2632"]
[PlyCount "76"]
[EventDate "2004.??.??"]

1. Nf3 d5 2. g3 Bg4 3. Bg2 Nd7 4. O-O c6 5. d3 e6 6. h3 Bh5 7. Qe1 Bd6 8. e4
Ne7 9. Nbd2 O-O 10. a4 a5 11. Qe2 Qc7 12. Re1 f5 13. exf5 exf5 14. Qf1 Ng6 15.
Ng5 Qb6 16. Nb3 f4 17. g4 Nh4 18. Nd2 Bg6 19. Re6 Qc7 20. Rxg6 hxg6 21. Ne6 Qb6
22. Nxf8 Rxf8 23. Nf3 Nxf3+ 24. Bxf3 Ne5 25. Kg2 g5 26. c3 Qa6 27. c4 Ng6 28.
Bd1 Bb4 29. Bb3 Nh4+ 30. Kh2 Re8 31. Qd1 Qb6 32. Qc2 Qd4 33. cxd5 cxd5 34. Ra3
Nf3+ 35. Kh1 Kh7 36. Ba2 Re1+ 37. Kg2 Nh4+ 38. Kh2 Rxc1 0-1

[Event "2004 World Open: 5-Day"]
[Site "Philadelphia, PA"]
[Date "2004.07.01"]
[Round "1"]
[White "Gilruth, Peter"]
[Black "Fridman, Daniel"]
[Result "0-1"]
[WhiteElo "2246"]
[BlackElo "2622"]
[PlyCount "66"]
[EventDate "2004.??.??"]

1. Nf3 d5 2. d4 Nf6 3. c4 e6 4. Nc3 c6 5. Bg5 h6 6. Bh4 dxc4 7. e4 g5 8. Bg3 b5
9. h4 g4 10. Ne5 h5 11. f3 Rg8 12. Bf4 Be7 13. Be2 Bb7 14. O-O Nbd7 15. fxg4
Nxe5 16. g5 Nd3 17. Bxd3 Qxd4+ 18. Kh1 Ng4 19. Be2 Nf2+ 20. Rxf2 Qxf2 21. g3 b4
22. Na4 c5 23. Bf3 Rd8 24. Qf1 Qxf1+ 25. Rxf1 Bc6 26. b3 cxb3 27. axb3 Rd3 28.
Bxh5 Rxb3 29. Be5 Bxe4+ 30. Kh2 Bg6 31. Bf3 Kd7 32. Nb2 Rd8 33. h5 Rxf3 0-1

[Event "2004 World Open: 5-Day"]
[Site "Philadelphia, PA"]
[Date "2004.07.01"]
[Round "1"]
[White "Lapshun, Yury"]
[Black "Mirabile, Tim"]
[Result "1-0"]
[WhiteElo "2504"]
[BlackElo "2219"]
[PlyCount "61"]
[EventDate "2004.??.??"]

1. e4 c5 2. Nf3 d6 3. d4 cxd4 4. Nxd4 Nf6 5. Nc3 a6 6. Bg5 e6 7. f4 Be7 8. Qf3
Qc7 9. O-O-O Nbd7 10. Bd3 h6 11. Bh4 g5 12. fxg5 Ne5 13. Qe2 Nfg4 14. Nf3 hxg5
15. Bxg5 Bxg5+ 16. Nxg5 Qc5 17. Nf3 Nf2 18. Na4 Nexd3+ 19. Rxd3 Nxd3+ 20. Qxd3
Qb4 21. Nc3 Bd7 22. Rd1 Bc6 23. a3 Qc5 24. b4 Qh5 25. Qxd6 Rg8 26. Rd2 Qh6 27.
Kb1 Qf6 28. Nd5 Bxd5 29. exd5 Rd8 30. Qb6 Qe7 31. d6 1-0

[Event "2004 World Open: 5-Day"]
[Site "Philadelphia, PA"]
[Date "2004.07.01"]
[Round "1"]
[White "Lugo, Blas"]
[Black "Hook, William E"]
[Result "1-0"]
[WhiteElo "2443"]
[BlackElo "2200"]
[PlyCount "39"]
[EventDate "2004.??.??"]

1. e4 e6 2. Nf3 d5 3. Nc3 d4 4. Ne2 c5 5. c3 Nc6 6. cxd4 cxd4 7. Qa4 Bc5 8. b4
Bxb4 9. Nexd4 Qa5 10. Bb5 Qxa4 11. Bxa4 Bd7 12. Nxc6 Bxc6 13. Bxc6+ bxc6 14.
Rb1 Ba5 15. Ne5 Ne7 16. Ba3 Bc7 17. Rb7 Bd8 18. Ke2 f6 19. Bxe7 Bxe7 20. Nxc6
1-0

[Event "2004 World Open: 5-Day"]
[Site "Philadelphia, PA"]
[Date "2004.07.01"]
[Round "1"]
[White "Arnold, Marc T"]
[Black "Goletiani, Rusudan"]
[Result "0-1"]
[WhiteElo "2142"]
[BlackElo "2370"]
[PlyCount "78"]
[EventDate "2004.??.??"]

1. d4 Nf6 2. c4 e6 3. Nc3 c5 4. d5 exd5 5. cxd5 Bd6 6. Nf3 Bc7 7. g3 d6 8. Bg2
O-O 9. O-O Ba5 10. Nd2 Re8 11. Re1 Qe7 12. a4 Bf5 13. Nc4 Bxc3 14. bxc3 Be4 15.
Bxe4 Nxe4 16. f3 Nxc3 17. Qd2 Nxa4 18. Rxa4 b5 19. Nxd6 Qxd6 20. Rh4 c4 21. Qc2
Qg6 22. Qb2 Qb6+ 23. Kg2 Nd7 24. Rg4 Ne5 25. Re4 Ng6 26. Rxe8+ Rxe8 27. Bd2 a5
28. Qc3 a4 29. e4 Ne5 30. f4 Nd3 31. Re2 Qc5 32. Be3 Qd6 33. Qa5 Qd7 34. Bd4
Qg4 35. Kf1 Qf3+ 36. Bf2 Nxf2 37. Rxf2 Qh1+ 38. Ke2 Rxe4+ 39. Kd2 Qe1+ 0-1

[Event "2004 World Open: 5-Day"]
[Site "Philadelphia, PA"]
[Date "2004.07.01"]
[Round "1"]
[White "Ballard, Clint"]
[Black "Kaufman, Lawrence"]
[Result "0-1"]
[WhiteElo "2051"]
[BlackElo "2331"]
[PlyCount "70"]
[EventDate "2004.??.??"]

1. d4 d5 2. Bg5 h6 3. Bh4 c6 4. c3 Bf5 5. Nf3 Nd7 6. e3 Ngf6 7. Bxf6 Nxf6 8.
Ne5 Qb6 9. Qb3 e6 10. Qxb6 axb6 11. Nd2 Bd6 12. Bd3 Bxe5 13. Bxf5 Bxd4 14. Bxe6
Bxc3 15. Bxf7+ Kxf7 16. bxc3 Ra4 17. a3 Rha8 18. Nb1 Ne4 19. f3 Nd6 20. Ke2 Nc4
21. Kd3 b5 22. e4 dxe4+ 23. fxe4 Ke6 24. Rd1 Nxa3 25. Nxa3 Rxa3 26. Rxa3 Rxa3
27. Kd4 b6 28. Rb1 c5+ 29. Kd3 b4 30. Kc4 Rxc3+ 31. Kb5 Ke5 32. Kxb6 Kxe4 33.
Rd1 b3 34. Kb5 Rc2 35. Rb1 b2 0-1

[Event "2004 World Open: 5-Day"]
[Site "Philadelphia, PA"]
[Date "2004.07.01"]
[Round "1"]
[White "Filipovich, David"]
[Black "Golod, Vitali"]
[Result "0-1"]
[WhiteElo "2267"]
[BlackElo "2788"]
[PlyCount "50"]
[EventDate "2004.??.??"]

1. Nf3 Nf6 2. g3 b5 3. Bg2 Bb7 4. d4 e6 5. O-O c5 6. c3 Na6 7. a4 b4 8. Nbd2
Rc8 9. cxb4 Nxb4 10. dxc5 Bxc5 11. Nb3 Be7 12. Bg5 Bd5 13. Nfd4 O-O 14. Bxd5
Nbxd5 15. Bxf6 Bxf6 16. Qd2 Qb6 17. Rfc1 h6 18. Rxc8 Rxc8 19. e3 Rc4 20. Rc1
Qc7 21. Rxc4 Qxc4 22. Qa5 a6 23. Kg2 Be7 24. Nd2 Qc8 25. e4 Bb4 0-1

[Event "2004 World Open: 5-Day"]
[Site "Philadelphia, PA"]
[Date "2004.07.02"]
[Round "2"]
[White "Golod, Vitali"]
[Black "Bartholomew, John"]
[Result "1/2-1/2"]
[WhiteElo "2788"]
[BlackElo "2347"]
[PlyCount "52"]
[EventDate "2004.??.??"]

1. e4 d5 2. exd5 Qxd5 3. Nc3 Qa5 4. d4 c6 5. Nf3 Nf6 6. Bd2 Bf5 7. Bc4 e6 8.
Nd5 Qd8 9. Nxf6+ gxf6 10. c3 Nd7 11. Qe2 Qc7 12. Nh4 Bg6 13. a4 Bd6 14. a5 a6
15. h3 Bf4 16. O-O O-O-O 17. b4 Rhg8 18. Rad1 f5 19. Rfe1 Nf6 20. Bxf4 Qxf4 21.
Nxg6 Rxg6 22. Qe3 Qh4 23. Bf1 Rdg8 24. c4 Nh5 25. Kh2 Nf6 26. Kg1 Nh5 1/2-1/2

[Event "2004 World Open: 5-Day"]
[Site "Philadelphia, PA"]
[Date "2004.07.02"]
[Round "2"]
[White "Benen, Samson"]
[Black "Wojtkiewicz, Aleksdar"]
[Result "0-1"]
[WhiteElo "2360"]
[BlackElo "2670"]
[PlyCount "56"]
[EventDate "2004.??.??"]

1. d4 Nf6 2. Nf3 g6 3. c4 Bg7 4. Nc3 O-O 5. g3 d6 6. Bg2 c6 7. O-O Qa5 8. e4 e5
9. d5 cxd5 10. cxd5 b5 11. Nd2 b4 12. Nb3 Qc7 13. Ne2 Ba6 14. Re1 Bb5 15. a3
Na6 16. Bd2 bxa3 17. Rxa3 Rfb8 18. Nc3 Bd3 19. Nc1 Nb4 20. Be3 Bc4 21. b3 Ba6
22. N1a2 Nxa2 23. Nxa2 Bb5 24. Nb4 a5 25. Nc6 Bxc6 26. Qc2 Rc8 27. Rc1 Ng4 28.
Qxc6 Qd8 0-1

[Event "2004 World Open: 5-Day"]
[Site "Philadelphia, PA"]
[Date "2004.07.02"]
[Round "2"]
[White "Benjamin, Joel"]
[Black "Leverett, Bruce W"]
[Result "1-0"]
[WhiteElo "2632"]
[BlackElo "2337"]
[PlyCount "51"]
[EventDate "2004.??.??"]

1. e4 e5 2. Nf3 Nc6 3. Bb5 a6 4. Ba4 Nf6 5. d3 d6 6. c3 Be7 7. O-O O-O 8. Re1
Bd7 9. Nbd2 Be8 10. Nf1 Nd7 11. d4 exd4 12. cxd4 Nb6 13. Bc2 d5 14. Ng3 dxe4
15. Rxe4 f5 16. Re2 Bg6 17. d5 Nb4 18. Bb3 Bf6 19. d6+ Kh8 20. Bf4 c6 21. Nd4
N4d5 22. Ne6 Qd7 23. Nxf8 Rxf8 24. Qd2 Bxb2 25. Qxb2 Nxf4 26. Re7 1-0

[Event "2004 World Open: 5-Day"]
[Site "Philadelphia, PA"]
[Date "2004.07.02"]
[Round "2"]
[White "Fridman, Daniel"]
[Black "Karklins, Andrew"]
[Result "1-0"]
[WhiteElo "2622"]
[BlackElo "2334"]
[PlyCount "65"]
[EventDate "2004.??.??"]

1. Nf3 Nf6 2. c4 e6 3. g3 c5 4. Bg2 Nc6 5. O-O d6 6. d4 cxd4 7. Nxd4 Bd7 8. Nc3
a6 9. b3 Rc8 10. Bb2 Qc7 11. Rc1 Qb8 12. Ne4 Nxe4 13. Bxe4 h5 14. Qd2 h4 15.
Rfd1 Rd8 16. Nf3 hxg3 17. hxg3 e5 18. Ng5 Bg4 19. f3 Bc8 20. Bd5 Rd7 21. Kg2
Qc7 22. Rh1 Rh6 23. Nh7 Rxh7 24. Rxh7 Ne7 25. Qg5 Rd8 26. Be4 Qd7 27. Rh8 Ng6
28. Bxg6 fxg6 29. Qxg6+ Qf7 30. Qxf7+ Kxf7 31. Rd1 Re8 32. Ba3 Rd8 33. Bxd6 1-0

[Event "2004 World Open: 5-Day"]
[Site "Philadelphia, PA"]
[Date "2004.07.02"]
[Round "2"]
[White "Sevillano, Enrico M"]
[Black "Dougherty, Michael"]
[Result "1-0"]
[WhiteElo "2534"]
[BlackElo "2320"]
[PlyCount "43"]
[EventDate "2004.??.??"]

1. e4 c6 2. d4 d5 3. Nc3 g6 4. Nf3 Bg7 5. h3 Nf6 6. Bd3 dxe4 7. Nxe4 Nxe4 8.
Bxe4 Bf5 9. Bxf5 Qa5+ 10. c3 Qxf5 11. O-O O-O 12. Qb3 b5 13. Re1 Bf6 14. Ne5
Qc8 15. Bh6 Bg7 16. Bxg7 Kxg7 17. d5 a6 18. dxc6 Ra7 19. a4 bxa4 20. Qxa4 Rd8
21. Qc4 Qf5 22. c7 1-0

[Event "2004 World Open: 5-Day"]
[Site "Philadelphia, PA"]
[Date "2004.07.02"]
[Round "2"]
[White "Shibut, Macon A"]
[Black "Sharavdorj, Dashze"]
[Result "1-0"]
[WhiteElo "2289"]
[BlackElo "2480"]
[PlyCount "74"]
[EventDate "2004.??.??"]

1. e4 e6 2. d3 c5 3. Nf3 Nc6 4. g3 Nge7 5. Bg2 g6 6. d4 cxd4 7. Nxd4 a6 8. Nc3
Bg7 9. Nde2 O-O 10. O-O d6 11. a4 Qc7 12. b3 b6 13. Ba3 Rd8 14. Qd2 Bb7 15.
Rad1 Na5 16. f4 Rac8 17. Rf3 b5 18. axb5 axb5 19. Bxd6 Qb6+ 20. Kh1 Nf5 21.
exf5 Bxf3 22. Bxf3 gxf5 23. Qd3 Bf8 24. Nxb5 Nb7 25. Bxb7 Qxb7+ 26. Kg1 Qb6+
27. Kg2 Bxd6 28. Nxd6 Rc6 29. Qd4 Qc7 30. Qf6 Rcxd6 31. Nd4 e5 32. Qxe5 Qc3 33.
Rd3 Qb4 34. Nxf5 f6 35. Qe7 Qd2+ 36. Rxd2 Rxd2+ 37. Kh3 R2d7 1-0

[Event "2004 World Open: 5-Day"]
[Site "Philadelphia, PA"]
[Date "2004.07.02"]
[Round "2"]
[White "Vovsha, Eli"]
[Black "Kiewra, Keaton F"]
[Result "1-0"]
[WhiteElo "2465"]
[BlackElo "2278"]
[PlyCount "117"]
[EventDate "2004.??.??"]

1. e4 c5 2. Nf3 d6 3. d4 Nf6 4. Nc3 cxd4 5. Nxd4 g6 6. Be3 Bg7 7. f3 O-O 8. Qd2
Nc6 9. Bc4 Bd7 10. O-O-O Rb8 11. Bb3 Na5 12. Bh6 b5 13. h4 Nc4 14. Bxc4 bxc4
15. Bxg7 Kxg7 16. Nd5 e6 17. Ne3 Qc7 18. Ne2 Rb6 19. Qc3 Rfb8 20. g4 e5 21. g5
Nxe4 22. fxe4 Rxb2 23. h5 Qc5 24. Rd5 Qc6 25. Ng3 Be6 26. Rf1 Bxd5 27. Nxd5
Rb1+ 28. Kd2 Qc5 29. h6+ Kf8 30. Qf3 Rxf1 31. Nxf1 Qd4+ 32. Ke2 Rb2 33. Nde3
Qd3+ 34. Kf2 Qd2+ 35. Qe2 Qxe2+ 36. Kxe2 f5 37. gxf6 Rxa2 38. Kd2 Kf7 39. Nxc4
Ra6 40. Kd3 g5 41. Nce3 Rc6 42. c4 a5 43. Kc3 a4 44. Kb4 a3 45. Kxa3 g4 46. Nf5
Ke6 47. Kb4 Rc8 48. N1e3 Rg8 49. Ng7+ Kxf6 50. Nxg4+ Kg5 51. Ne3 Rb8+ 52. Kc3
Kf4 53. Nef5 Kxe4 54. Nxd6+ Kf3 55. Ne6 Rg8 56. c5 e4 57. c6 e3 58. Nd4+ Kf2
59. Ne4+ 1-0

[Event "2004 World Open: 5-Day"]
[Site "Philadelphia, PA"]
[Date "2004.07.02"]
[Round "2"]
[White "Arakhamia, Keteva"]
[Black "Kleiman, Jake"]
[Result "1/2-1/2"]
[WhiteElo "2452"]
[BlackElo "2272"]
[PlyCount "96"]
[EventDate "2004.??.??"]

1. e4 c5 2. Nf3 e6 3. d4 cxd4 4. Nxd4 a6 5. Bd3 Qc7 6. O-O Nf6 7. Qe2 d6 8. c4
Nbd7 9. f4 g6 10. Nc3 Bg7 11. Nb3 O-O 12. Be3 Re8 13. Rad1 b6 14. Rd2 Bb7 15.
Rfd1 Rac8 16. h3 Qb8 17. Qf2 Qa8 18. Bf1 b5 19. a3 Bxe4 20. cxb5 Rxc3 21. bxc3
Bd5 22. c4 Ne4 23. Qe2 Nxd2 24. Rxd2 Bb7 25. Rxd6 Nf6 26. Nc5 axb5 27. Nxb7
Qxb7 28. cxb5 Nd5 29. Qf3 Qc8 30. Rc6 Qa8 31. Bf2 Qa4 32. Bc4 Bf8 33. f5 gxf5
34. Bd4 Bg7 35. Bxg7 Kxg7 36. Qg3+ Kh8 37. Qb3 Qa5 38. Qb2+ Kg8 39. Qe5 Ne7 40.
Ra6 Qd2 41. Kh2 Ng6 42. Qd6 Qc3 43. Be2 Qe3 44. Bf3 Ne5 45. Qd1 Kg7 46. a4 Rd8
47. Qxd8 Nxf3+ 48. gxf3 Qf2+ 1/2-1/2

[Event "2004 World Open: 5-Day"]
[Site "Philadelphia, PA"]
[Date "2004.07.02"]
[Round "2"]
[White "Adu, Oladapo O"]
[Black "Lugo, Blas"]
[Result "1-0"]
[WhiteElo "2271"]
[BlackElo "2443"]
[PlyCount "129"]
[EventDate "2004.??.??"]

1. e4 e5 2. Nf3 Nc6 3. Bb5 a6 4. Ba4 Nf6 5. Qe2 Bc5 6. c3 b5 7. Bb3 O-O 8. O-O
d5 9. d3 d4 10. Bg5 Be6 11. Bxe6 fxe6 12. a4 Rb8 13. axb5 axb5 14. Rc1 Qe8 15.
cxd4 Nxd4 16. Nxd4 Bxd4 17. Rxc7 Nd5 18. exd5 Rxf2 19. Qxf2 Bxf2+ 20. Kxf2 Qg6
21. Be7 Qxd3 22. Nc3 exd5 23. Bd6 d4 24. Nd5 e4 25. h3 e3+ 26. Kg1 e2 27. Kh2
Re8 28. Raa7 e1=Q 29. Rxg7+ Kh8 30. Nf6 Qee4 31. Nxe8 Qxe8 32. Rg5 Qdg6 33.
Be5+ Qxe5+ 34. Rxe5 Qd6 35. Rae7 d3 36. R7e6 Qd4 37. Re4 Qd5 38. R4e5 Qd4 39.
Re4 Qc5 40. Re8+ Kg7 41. R4e7+ Kf6 42. Rd7 Qb4 43. Rxd3 Qxb2 44. Rf3+ Kg7 45.
Re7+ Kg6 46. h4 h6 47. Re6+ Kg7 48. h5 Qd2 49. Rg6+ Kh7 50. Rf7+ Kh8 51. Rgf6
Qd5 52. Rxh6+ Kg8 53. Rff6 Qe5+ 54. Kh3 Qc7 55. Rf3 Qe5 56. Rg6+ Kh7 57. Rg4
Qe6 58. Rff4 Qe3+ 59. Rf3 Qe6 60. Kg3 Qe1+ 61. Kh2 Qe5+ 62. Rgf4 Kh6 63. g4 b4
64. Kh3 b3 65. Rf7 1-0

[Event "2004 World Open: 5-Day"]
[Site "Philadelphia, PA"]
[Date "2004.07.02"]
[Round "2"]
[White "Tian, Tian"]
[Black "Boor, Carl B"]
[Result "0-1"]
[WhiteElo "2440"]
[BlackElo "2243"]
[PlyCount "95"]
[EventDate "2004.??.??"]

1. e4 c5 2. Nc3 a6 3. d3 b5 4. Be3 e6 5. g3 Nf6 6. Bg2 Bb7 7. Nf3 Be7 8. O-O
Nc6 9. Nd2 d6 10. f4 d5 11. exd5 exd5 12. Bf2 O-O 13. Nb3 d4 14. Ne4 Nxe4 15.
dxe4 Qb6 16. e5 Rad8 17. Nd2 Nb4 18. Ne4 Nd5 19. Qe2 Rfe8 20. Rad1 f5 21. Nd2
Nb4 22. Bxb7 Qxb7 23. c3 dxc3 24. bxc3 Nd3 25. c4 Bf8 26. Rb1 Qf7 27. cxb5 axb5
28. Nf3 b4 29. Ng5 Qd5 30. Qh5 h6 31. e6 Re7 32. Nf7 Ra8 33. Rbd1 Qxe6 34.
Nxh6+ gxh6 35. Rxd3 c4 36. Re3 Qf7 37. Qe2 Rxe3 38. Bxe3 Re8 39. Qf2 Qd5 40.
Bb6 Re6 41. Bd4 Re4 42. Ba7 Qe6 43. Qb6 Qxb6+ 44. Bxb6 Re2 45. Rf2 Rxf2 46.
Kxf2 b3 47. axb3 cxb3 48. Bd4 0-1

[Event "2004 World Open: 5-Day"]
[Site "Philadelphia, PA"]
[Date "2004.07.02"]
[Round "2"]
[White "Boekhoff, Andrew"]
[Black "Ginsburg, Mark"]
[Result "1/2-1/2"]
[WhiteElo "2231"]
[BlackElo "2435"]
[PlyCount "82"]
[EventDate "2004.??.??"]

1. d4 Nf6 2. Nf3 g6 3. c4 Bg7 4. Nc3 O-O 5. e4 d6 6. Be2 e5 7. d5 Nbd7 8. Bg5
h6 9. Bh4 g5 10. Bg3 Nh5 11. Nd2 Nf4 12. O-O c6 13. Bg4 cxd5 14. Nxd5 Nc5 15.
Bxc8 Rxc8 16. Ne3 Nce6 17. Nf5 Nd4 18. Nxd4 exd4 19. Bxf4 gxf4 20. Rc1 f5 21.
exf5 Rxf5 22. Nf3 Qb6 23. b3 Ra5 24. Qd2 Rf8 25. Rb1 d5 26. b4 Ra3 27. c5 Qg6
28. Rb3 Rxb3 29. axb3 Re8 30. Qxf4 Qd3 31. Qd2 Qxd2 32. Nxd2 d3 33. Rd1 Re2 34.
Nf3 Rb2 35. Kf1 Rxb3 36. Ne1 Rxb4 37. Rxd3 d4 38. Ra3 a6 39. Nd3 Rb5 40. Ra4
Kf7 41. Rc4 a5 1/2-1/2

[Event "2004 World Open: 5-Day"]
[Site "Philadelphia, PA"]
[Date "2004.07.02"]
[Round "2"]
[White "Francisco, Richard"]
[Black "Zilberstein, Dmitry"]
[Result "0-1"]
[WhiteElo "2225"]
[BlackElo "2425"]
[PlyCount "66"]
[EventDate "2004.??.??"]

1. e4 Nf6 2. e5 Nd5 3. d4 d6 4. Nf3 g6 5. Bc4 Nb6 6. Bb3 Bg7 7. O-O O-O 8. exd6
cxd6 9. Re1 Bg4 10. c3 Nc6 11. Bg5 h6 12. Bh4 Qc7 13. Nbd2 e5 14. h3 Bf5 15.
Nf1 Na5 16. Bg3 Rfe8 17. Ne3 Nxb3 18. axb3 Be6 19. Ra5 Nd7 20. b4 b6 21. Ra3
Nf8 22. dxe5 dxe5 23. Ng4 f6 24. Nd4 Bd7 25. Qf3 Qd6 26. Qb7 Rab8 27. Qxa7 f5
28. Ne3 f4 29. Nc4 Qf6 30. Ne2 Bb5 31. Nxe5 fxg3 32. f4 Bxe2 33. Rxe2 Qxf4 0-1

[Event "2004 World Open: 5-Day"]
[Site "Philadelphia, PA"]
[Date "2004.07.02"]
[Round "2"]
[White "Vigorito, David E"]
[Black "Spigel, David E"]
[Result "1/2-1/2"]
[WhiteElo "2386"]
[BlackElo "1911"]
[PlyCount "46"]
[EventDate "2004.??.??"]

1. Nf3 Nf6 2. c4 e6 3. g3 b6 4. Bg2 Bb7 5. O-O c5 6. Nc3 Be7 7. d4 cxd4 8. Qxd4
d6 9. Bg5 a6 10. Bxf6 Bxf6 11. Qd3 Qc7 12. Rad1 Be7 13. Nd4 Bxg2 14. Kxg2 O-O
15. f4 Nc6 16. Nxc6 Qxc6+ 17. Rf3 Rac8 18. b3 Rfd8 19. f5 Bf6 20. Ne4 Be7 21.
Nc3 Bf6 22. Ne4 Be7 23. Nc3 Bf6 1/2-1/2

[Event "2004 World Open: 5-Day"]
[Site "Philadelphia, PA"]
[Date "2004.07.02"]
[Round "2"]
[White "Frentz, Alexander"]
[Black "Sarkar, Justin"]
[Result "0-1"]
[WhiteElo "1799"]
[BlackElo "2372"]
[PlyCount "44"]
[EventDate "2004.??.??"]

1. e4 c5 2. c3 Nf6 3. e5 Nd5 4. d4 cxd4 5. Nf3 e6 6. cxd4 d6 7. Bc4 Nc6 8. O-O
Be7 9. Nbd2 O-O 10. Ne4 dxe5 11. dxe5 Qc7 12. Bxd5 exd5 13. Qxd5 Be6 14. Qd3
Nxe5 15. Bf4 Nxd3 16. Bxc7 Nxb2 17. Nd6 b6 18. Rfe1 Nd3 19. Re3 Nb4 20. Nd4 Bf6
21. Nxe6 fxe6 22. Rc1 Bg5 0-1

[Event "2004 World Open: 5-Day"]
[Site "Philadelphia, PA"]
[Date "2004.07.02"]
[Round "2"]
[White "Fedorowicz, John P"]
[Black "Gulamali, Kazim"]
[Result "1-0"]
[WhiteElo "2600"]
[BlackElo "2215"]
[PlyCount "77"]
[EventDate "2004.??.??"]

1. d4 c5 2. d5 d6 3. c4 g6 4. e4 Bg7 5. Nc3 Nf6 6. Bd3 O-O 7. h3 e6 8. Nf3 a6
9. a4 exd5 10. cxd5 Qc7 11. O-O Nbd7 12. Bf4 c4 13. Bc2 Rb8 14. Re1 Re8 15. a5
Nh5 16. Be3 Ne5 17. Nxe5 Bxe5 18. Qd2 f5 19. f4 Bg7 20. Ba4 Bd7 21. Bb6 Qc8 22.
Bd1 Ng3 23. exf5 Rxe1+ 24. Qxe1 Nxf5 25. Qf2 h5 26. Ne4 Qf8 27. Bf3 Ne7 28. Rd1
Nc8 29. Be3 Ba4 30. Rd2 Qd8 31. Bd4 b6 32. Bxg7 Kxg7 33. Qd4+ Kg8 34. Qxc4 Bb5
35. Qc3 bxa5 36. f5 Ne7 37. Nf6+ Kf7 38. fxg6+ Nxg6 39. Bxh5 1-0

[Event "2004 World Open: 5-Day"]
[Site "Philadelphia, PA"]
[Date "2004.07.02"]
[Round "2"]
[White "Muhammad, Stephen"]
[Black "Murthy, Pappu L N"]
[Result "1-0"]
[WhiteElo "2420"]
[BlackElo "2200"]
[PlyCount "51"]
[EventDate "2004.??.??"]

1. d4 Nf6 2. c4 e6 3. Nf3 d5 4. Nc3 Bb4 5. Qa4+ Nc6 6. e3 Bd7 7. Qc2 O-O 8. a3
Bd6 9. c5 Be7 10. b4 a6 11. Bd3 b6 12. O-O bxc5 13. bxc5 h6 14. Rd1 Nb8 15. Ne5
c6 16. Na4 Qc7 17. Nb6 Ra7 18. Bd2 a5 19. Bc3 Bc8 20. Qd2 Nbd7 21. Nexd7 Nxd7
22. Bxa5 Rxa5 23. Qxa5 e5 24. Nc4 Qb8 25. Rab1 Bb7 26. Nd6 1-0

[Event "2004 World Open: 5-Day"]
[Site "Philadelphia, PA"]
[Date "2004.07.02"]
[Round "2"]
[White "Tapia, Daniel"]
[Black "Bonin, Jay R"]
[Result "1-0"]
[WhiteElo "2157"]
[BlackElo "2405"]
[PlyCount "73"]
[EventDate "2004.??.??"]

1. e4 c5 2. Nf3 Nc6 3. d4 cxd4 4. Nxd4 e5 5. Nb5 d6 6. c4 Be7 7. N1c3 a6 8. Na3
Be6 9. Bd3 Bg5 10. O-O Bxc1 11. Rxc1 Nf6 12. Nc2 O-O 13. Ne3 Rc8 14. Kh1 Nd4
15. f4 b5 16. cxb5 axb5 17. f5 Bd7 18. Ned5 Bc6 19. Nxb5 Nxd5 20. Nxd4 Ne3 21.
Nxc6 Nxd1 22. Rfxd1 Qg5 23. a4 g6 24. b4 gxf5 25. b5 Kh8 26. a5 Rg8 27. Rc2 Rg6
28. Nxe5 dxe5 29. Rxc8+ Kg7 30. Rg1 Rh6 31. h3 Qg3 32. Bc4 Rh4 33. b6 Kf6 34.
Rc6+ Ke7 35. Rc7+ Kf8 36. Bf1 Rxe4 37. a6 1-0

[Event "2004 World Open: 5-Day"]
[Site "Philadelphia, PA"]
[Date "2004.07.02"]
[Round "3"]
[White "Zilberstein, Dmitry"]
[Black "Shabalov, Alexander"]
[Result "0-1"]
[WhiteElo "2425"]
[BlackElo "2674"]
[PlyCount "132"]
[EventDate "2004.??.??"]

1. d4 d5 2. c4 c6 3. Nf3 Nf6 4. e3 e6 5. Bd3 Nbd7 6. O-O Ne4 7. Nfd2 f5 8. f3
Nxd2 9. Bxd2 Bd6 10. Nc3 O-O 11. Be1 Qf6 12. Qe2 b6 13. Rd1 Bb7 14. f4 Rae8 15.
Qh5 g6 16. Qh3 Rf7 17. Ne2 Qg7 18. b4 Ba6 19. c5 Bxd3 20. Rxd3 Bb8 21. a4 Nf6
22. Bh4 Ne4 23. Nc3 bxc5 24. bxc5 Rb7 25. Nxe4 dxe4 26. Ra3 Bc7 27. Be1 Reb8
28. Bc3 Rb3 29. Rxb3 Rxb3 30. Rc1 Bd8 31. g3 Qb7 32. Qf1 Bf6 33. Qc4 Kf7 34.
Kf2 h6 35. Ke2 Ra3 36. Kd2 Qb3 37. Qxb3 Rxb3 38. Kc2 Rb8 39. Rb1 Rxb1 40. Kxb1
g5 41. Kc2 Kg6 42. Kd1 Kh5 43. h3 g4 44. h4 Bxh4 45. Be1 Bd8 46. Ke2 Kg6 47.
Kf1 h5 48. Kg2 Kf7 49. Kf1 Ke8 50. Kg2 Kd7 51. a5 a6 52. Kf1 e5 53. fxe5 Ke6
54. Ke2 Kd5 55. Kd1 Kc4 56. Kc2 f4 57. exf4 Kxd4 58. Bc3+ Kc4 59. e6 h4 60.
gxh4 g3 61. Be1 g2 62. Bf2 Bxh4 63. Bg1 Kd5 64. f5 Ke5 65. Kc3 Bg5 66. Kc4 Bf6
0-1

[Event "2004 World Open: 5-Day"]
[Site "Philadelphia, PA"]
[Date "2004.07.02"]
[Round "3"]
[White "Young, Angelo"]
[Black "Benjamin, Joel"]
[Result "1/2-1/2"]
[WhiteElo "2413"]
[BlackElo "2632"]
[PlyCount "64"]
[EventDate "2004.??.??"]

1. Nc3 d5 2. e4 d4 3. Nce2 g6 4. Ng3 Bg7 5. Bc4 Nc6 6. Nf3 Nf6 7. h3 O-O 8. O-O
Na5 9. Be2 c5 10. d3 Nc6 11. Nh2 e5 12. Bg5 h6 13. Bd2 Kh7 14. a4 Be6 15. b3
Rc8 16. Nh1 b6 17. g4 a6 18. Ng3 Rg8 19. Kg2 Nd7 20. Rh1 Rh8 21. h4 Kg8 22. Nf5
f6 23. Nxg7 Kxg7 24. Nf1 Kf7 25. Ng3 Ke7 26. Qc1 Qf8 27. Qb2 Kd8 28. Raf1 Qg7
29. Rhg1 a5 30. Kh2 Qe7 31. Qc1 Kc7 32. Kg2 Qg7 1/2-1/2

[Event "2004 World Open: 5-Day"]
[Site "Philadelphia, PA"]
[Date "2004.07.02"]
[Round "3"]
[White "Sarkar, Justin"]
[Black "Fridman, Daniel"]
[Result "0-1"]
[WhiteElo "2372"]
[BlackElo "2622"]
[PlyCount "96"]
[EventDate "2004.??.??"]

1. d4 d5 2. c4 e6 3. Nc3 c6 4. Nf3 Nf6 5. Bg5 h6 6. Bh4 dxc4 7. e4 g5 8. Bg3 b5
9. Be2 Bb7 10. h4 g4 11. Ne5 Rg8 12. Nxg4 Nxg4 13. Bxg4 Nd7 14. O-O Qb6 15. a4
a5 16. d5 Nf6 17. dxc6 Bxc6 18. axb5 Rxg4 19. Be5 Bxe4 20. Nxe4 Rxe4 21. Bxf6
Rf4 22. Be5 Rf5 23. Qe2 Qxb5 24. f4 h5 25. b3 Qxb3 26. Rf3 Qb5 27. Rc3 Rc8 28.
Rac1 f6 29. Bd4 Kf7 30. Rxc4 Rxc4 31. Rxc4 Bd6 32. g3 Qb1+ 33. Kg2 Rd5 34. Bc3
Qb5 35. Qa2 Rd1 36. Qxa5 Qb7+ 37. Kf2 Rd5 38. Qa4 Rd3 39. Qc6 Qa7+ 40. Kg2 Qe3
41. Be1 Qxe1 42. Qd7+ Kg6 43. Qe8+ Kg7 44. Rc7+ Bxc7 45. Qe7+ Kg6 46. Qe8+ Kf5
47. Qxh5+ Ke4 48. Qg6+ Ke3 0-1